| 000 | 00791nam a2200181Ia 4500 | ||
|---|---|---|---|
| 008 | 151202s9999||||xx |||||||||||||| ||und|| | ||
| 082 | _bPNVM-86214 | ||
| 100 | _aफोलेट केन/अनु-लेले ज्योत्स्ना. | ||
| 245 | _aऑन द विंग्ज ऑफ ईगल्स. | ||
| 260 | _b"मेहता पब्लिशिंग हाऊस,पुणे." | ||
| 260 | _c2013 | ||
| 300 | _a326 | ||
| 600 | _aफोलेट केन/अनु-लेले ज्योत्स्ना. | ||
| 630 | _aऑन द विंग्ज ऑफ ईगल्स. | ||
| 700 | _aफोलेट केन/अनु-लेले ज्योत्स्ना. | ||
| 730 | _aऑन द विंग्ज ऑफ ईगल्स. | ||
| 942 | _cBOOK | ||
| 999 |
_c1350260 _d1350257 |
||